000 00669nam a2200229Ia 4500
003 OSt
005 20251212180258.0
008 210423s2013 xx 000 0 und d
020 _a978-0-521-14740-8
040 _cAL
041 _aEnglish
082 _a414
_bPENA
100 _aLong Peng
_9100998
245 _aAnalyzing sound patterns
_b: an introduction to phonology
260 _aNew York
_bCambridge University Press
_c2013
300 _axviii,568p.
_bPB
_c24.5x17cm.
365 _b2989.33
_cINR
650 _aLanguage
_9100999
650 _aLinguistics
_9101000
906 _aan ; Analyzing ; introduction ; patterns: ; phonology ; sound
942 _2ddc
_cBK
999 _c165668
_d165668